Fr. Conceicao Rodrigues College of Engineering

Applications programming In Ansi C (Record no. 18442)

MARC details
000 -LEADER
fixed length control field 00355nam a2200157Ia 4500
082 ## - DEWEY DECIMAL CLASSIFICATION NUMBER
Classification number 5.13
Item number JOH
100 ## - MAIN ENTRY--PERSONAL NAME
Personal name Johnsonbaugn/R/ Kalin/ Martin
250 ## - EDITION STATEMENT
Edition statement 3
245 ## - TITLE STATEMENT
Title Applications programming In Ansi C
260 ## - PUBLICATION, DISTRIBUTION, ETC.
Name of publisher, distributor, etc. Prentice Hall
Place of publication, distribution, etc. New york
Date of publication, distribution, etc. 1996
300 ## - PHYSICAL DESCRIPTION
Extent 875
546 ## - LANGUAGE NOTE
Language note ENGLISH
654 ## - SUBJECT ADDED ENTRY--FACETED TOPICAL TERMS
Focus term programming
942 ## - ADDED ENTRY ELEMENTS (KOHA)
Koha item type BOOK
Holdings
Withdrawn status Lost status Damaged status Not for loan Collection Home library Current library Shelving location Date acquired Total Checkouts Full call number Barcode Date last seen Date last checked out Price effective from Koha item type
        CRC Fr. Agnel's C.Rodrigues College of Engineering Fr. Agnel's C.Rodrigues College of Engineering   17/03/2023 1 5.13 JOH 9860 31/07/2024 31/07/2024 17/03/2023 BOOK